000 01149nam a22003497a 4500
003 CHAP
005 20220329133112.0
008 971013s1991 r 00010 d
010 _a2173
011 _a3145
035 _a2345
040 _cCHAP
090 _aTesis
100 0 0 _aMendoza Moreno, Santiago Ramón.
_974700
245 _aEfectos genéticos y ambientales sobre la producción de leche en vacas Holstein
260 _aBermejillo, Dgo. :
_bEl Autor,
_c1991
300 _a47 h.
500 _aD44-207
502 _aTesis (Ing. Agr. Esp. en Zonas Aridas) -- UACH. Departamento de Zonas Aridas
590 _aALEPH
_b10
_c20130110
_lUCH01
_h1212
590 _aBATCH-UPD
_b10
_c20130110
_lUCH01
_h1559
590 _aBATCH-UPD
_b10
_c20130410
_lUCH01
_h0956
590 _aBATCH-UPD
_b10
_c20130914
_lUCH01
_h1504
590 _aCONVERSION
_b10
_c20130109
_lUCH01
_h1302
650 1 4 _aGanado Holstein.
_945133
650 1 4 _aGanado lechero
_xGenética.
_945267
650 1 4 _aGanado
_xEfecto del medio ambiente.
_944907
650 1 4 _aLeche
_xProducción.
_965400
901 _aBK
942 _cTESIS
949 _bBC
_cTES
_d-11845
_eTS1
_h24449
_i2345
_si
999 _c2173
_d2173